000 00294nam a22001337a 4500
008 181029b xxu||||| |||| 00| 0 eng d
020 _a9780871961334
041 _aeng
080 _a941
100 _a17
101 _aHIS
245 _aAtlas of Medieval Europe
_cMatthew, D
942 _2udc
_cBK
999 _c51047
_d51047